000 00463nam a22001931a 4500
001 3482
003 OSt
005 20260204211852.0
008 041007s2003||||mx ||||||b||||||||||spa||
020 _a9684442874
050 _a909 H625u
082 _a909 H625u
245 _aHistoria universal / José L. Gómez
264 _aMéxico : Pearson Educación
300 _a572 p
650 _a1.Historia Universal
700 _aGómez, José L.Ì
942 _2ddc
_cBK
999 _c3482
_d3482